000 00304nam a2200121Ia 4500
008 191201s2012 xx 000 0 und d
100 _aJAIN, Ashok k
245 0 _aReinforced concrete Limit State Design
260 _aN. Delhi
_bNem Chand
_c2012
300 _a919
650 _aB.Tech(CE)
942 _2ddc
_cBK
999 _c5916
_d5916